Video art : a guided tour /
Saved in:
| Main Author: | |
|---|---|
| Corporate Author: | |
| Format: | Book |
| Language: | English |
| Published: |
London ; New York : London : New York :
I. B. Tauris ; In association with University of the Arts ; In the United States of America and in Canada distributed by Palgrave Macmillan,
2005.
|
| Subjects: | |
| Tags: |
Add Tag
No Tags, Be the first to tag this record!
|
| LEADER | 00975cam a2200265 a 4500 | ||
|---|---|---|---|
| 001 | 009551813-4 | ||
| 005 | 20050224092620.0 | ||
| 008 | 040628s2005 enka f b 001 0 eng | ||
| 015 | |a GBA461481 |2 bnb | ||
| 016 | 7 | |a 012976743 |2 Uk | |
| 020 | |a 1850435464 (pbk.) | ||
| 024 | 3 | |a 9781850435464 | |
| 035 | 0 | |a ocm56640423 | |
| 040 | |a UKM |c UKM |d BWK |d C#P | ||
| 050 | 4 | |a N6494.V53 |b E49 2005 | |
| 082 | 0 | 4 | |a 702.8'1 |2 22 |
| 100 | 1 | |a Elwes, Catherine, |d 1952- | |
| 245 | 1 | 0 | |a Video art : |b a guided tour / |c Catherine Elwes ; with a foreword by Shirin Neshat. |
| 260 | |a London ; |a New York : |b I. B. Tauris ; |a London : |b In association with University of the Arts ; |a New York : |b In the United States of America and in Canada distributed by Palgrave Macmillan, |c 2005. | ||
| 300 | |a x, 212 p. : |b ill. ; |c 21 cm. | ||
| 504 | |a Includes bibliographical references (p. [205]-207) and index. | ||
| 650 | 0 | |a Video art. | |
| 710 | 2 | |a University of the Arts London. | |
| 988 | |a 20050215 | ||
| 906 | |0 OCLC | ||


